000 00852nam a2200253 i 4500
003 DO-SdBNP
005 20240226113150.0
007 ta
008 240226s1981 dr c 000 j spa d
040 _aDO-SdBNP
_bspa
_cBNPHU
_erda
082 _222
110 1 _aPastoral Juvenil de la Arquidiócesis de Santo Domingo.
_984955
245 1 0 _aTu libertador es Jesucristo /
264 1 _aSanto Domingo :
_bPastoral Juvenil,
_c1981.
300 _a40 páginas,
_c21 cm.
336 _2rdacontent
_atexto
_btxt
337 _2rdamedia
_asin mediación
_bn
338 _2rdacarrier
_avolumen
_bnc
490 1 _aPascua Juvenil
500 _aCelebración del triduo pascual preparado por el equipo de Pastoral Juvenil de la arquidiócesis de Santo Domingo. Rep. Dominicana.
590 _aInventariado, 2024/ YL
910 _aYLockward
942 _2ddc
_cLF2
999 _c56002
_d56002